<?xml version="1.0" encoding="UTF-8"?>
<record
    xmlns:xsi="http://www.w3.org/2001/XMLSchema-instance"
    xsi:schemaLocation="http://www.loc.gov/MARC21/slim http://www.loc.gov/standards/marcxml/schema/MARC21slim.xsd"
    xmlns="http://www.loc.gov/MARC21/slim">

  <leader>01239nam a2200265 i 4500</leader>
  <controlfield tag="001">39595</controlfield>
  <controlfield tag="003">ES-MaACL</controlfield>
  <controlfield tag="005">20250928093945.0</controlfield>
  <controlfield tag="007">t|</controlfield>
  <controlfield tag="008">030303s1945    sp g         |||| | spa d</controlfield>
  <datafield tag="100" ind1="1" ind2=" ">
    <subfield code="a">Thom&#xE0;s Sabater, Joan Maria.</subfield>
    <subfield code="9">110056</subfield>
  </datafield>
  <datafield tag="245" ind1="1" ind2="0">
    <subfield code="a">Canciones espa&#xF1;olas de instrumentos [</subfield>
    <subfield code="h">M&#xFA;sica impresa] :</subfield>
    <subfield code="b">para voz y piano / </subfield>
    <subfield code="c">Juan Mar&#xED;a Thomas.</subfield>
  </datafield>
  <datafield tag="260" ind1=" " ind2=" ">
    <subfield code="a">Palma de Mallorca : </subfield>
    <subfield code="b">Capella Classica, </subfield>
    <subfield code="c">[1945]</subfield>
  </datafield>
  <datafield tag="300" ind1=" " ind2=" ">
    <subfield code="a">1 partitura (36, [2] p.) ; </subfield>
    <subfield code="c">30 cm.</subfield>
  </datafield>
  <datafield tag="505" ind1="8" ind2=" ">
    <subfield code="a">Contiene: 1. Guitarra / poes&#xED;a de Lope de Vega . 2. Arpa / poes&#xED;a de Jorge Manrique . 3. Trompetas y atabales / poes&#xED;a de G&#xF3;mez Manrique . 4. Clavic&#xE9;mbalo / poes&#xED;a del Cancionero de Sablonara . 5. Gaita / poes&#xED;a de Lope de Vega . 6. Flauta y vihuela / poes&#xED;a de Garcilaso de la Vega . 7. Nazardos de Realejo / poes&#xED;a del Cancionero de Sablonara</subfield>
  </datafield>
  <datafield tag="630" ind1="0" ind2="4">
    <subfield code="a">Cancionero de Sablonara.</subfield>
    <subfield code="9">119660</subfield>
  </datafield>
  <datafield tag="650" ind1=" " ind2="4">
    <subfield code="a">Canciones con piano.</subfield>
    <subfield code="9">141417</subfield>
  </datafield>
  <datafield tag="700" ind1=" " ind2=" ">
    <subfield code="a">Manrique, Jorge,</subfield>
    <subfield code="d">1440?-1479</subfield>
    <subfield code="9">178074</subfield>
  </datafield>
  <datafield tag="700" ind1="1" ind2=" ">
    <subfield code="a">Manrique, G&#xF3;mez.</subfield>
    <subfield code="9">76097</subfield>
  </datafield>
  <datafield tag="700" ind1="1" ind2=" ">
    <subfield code="a">Vega, Lope de,</subfield>
    <subfield code="d">1562-1635</subfield>
    <subfield code="9">113563</subfield>
  </datafield>
  <datafield tag="700" ind1="0" ind2=" ">
    <subfield code="a">Garcilaso de la Vega, </subfield>
    <subfield code="d">1501-1536</subfield>
    <subfield code="9">55471</subfield>
  </datafield>
  <datafield tag="852" ind1=" " ind2=" ">
    <subfield code="a">ES-MaACL</subfield>
    <subfield code="j">2063-F-11</subfield>
  </datafield>
  <datafield tag="942" ind1=" " ind2=" ">
    <subfield code="2">udc</subfield>
  </datafield>
  <datafield tag="999" ind1=" " ind2=" ">
    <subfield code="c">39595</subfield>
    <subfield code="d">39595</subfield>
  </datafield>
  <datafield tag="952" ind1=" " ind2=" ">
    <subfield code="0">0</subfield>
    <subfield code="1">0</subfield>
    <subfield code="2">udc</subfield>
    <subfield code="4">0</subfield>
    <subfield code="7">0</subfield>
    <subfield code="8">Colecci&#xF3;n_de_folletos</subfield>
    <subfield code="a">ATENEOM</subfield>
    <subfield code="b">ATENEOM</subfield>
    <subfield code="c">DEPOF</subfield>
    <subfield code="d">2008-01-17</subfield>
    <subfield code="l">0</subfield>
    <subfield code="o">2063-F-11</subfield>
    <subfield code="p">1041700</subfield>
    <subfield code="r">2023-02-23 00:00:00</subfield>
    <subfield code="w">2023-02-23</subfield>
    <subfield code="y">FOLLETOS</subfield>
  </datafield>
</record>
